[Event "CRO Team Cup 2018"]
[Site "Mali Losinj"]
[Date "2018.05.16"]
[Round "1.16"]
[White "Blaga, Marijan"]
[Black "Bobanac, Miro"]
[Result "1/2-1/2"]
[WhiteElo "1993"]
[BlackElo "2276"]
[Annotator "NA"]
[PlyCount "172"]
[EventDate "2018.??.??"]
[EventType "team-tourn"]
[EventCountry "CRO"]
[SourceTitle "playchess.com"]
[Source "ChessBase"]
[SourceQuality "1"]
[TimeControl "40/5400+30:1800+30"]

1. e4 {[%emt 0:00:30]} Nf6 {[%emt 0:03:00]} 2. Nc3 {[%emt 0:01:30]} c6 {[%emt 0:03:30] B02: Alekhine's Defence: Chase Variation and lines with early Nc3} (2... e5 3. Bc4 Nc6 4. d3 Na5 5. Bb5 a6 6. Ba4 b5 7. Bb3 d6 8. f4 Be7 9. Nf3 exf4 10. Bxf4 O-O 11. O-O Nxb3 12. axb3 b4 {1-0 (36) Nepomniachtchi,I (2767)-Howell,D (2644) Doha 2016}) 3. d4 {[%emt 0:07:30]} g6 {[%emt 0:01:30]} 4. e5 {[%emt 0:01:30]} Nd5 {[%emt 0:00:30]} 5. Nxd5 {[%emt 0:00:30]} cxd5 {[%emt 0:00:30]} 6. c3 {[%emt 0:01:30]} d6 $146 {[%emt 0:01:30]} ({Predecessor:} 6... Bg7 7. Be3 Nc6 8. Qd2 d6 9. exd6 Qxd6 10. Bf4 e5 11. dxe5 Bxe5 12. Bxe5 Qxe5+ {½-½ (50) Mikulas,D (2176)-Minich,P (2208) Slovakia 2002}) 7. f4 {[%emt 0:02:30]} Bg7 {[%emt 0:01:30]} 8. Nf3 {[%emt 0:00:30]} O-O {[%emt 0:01:30]} 9. Bd3 {[%emt 0:01:30]} Nc6 {[%emt 0:04:30]} 10. O-O {[%emt 0:01:30]} Rb8 {[%emt 0:04:30]} 11. Qb3 {[%emt 0:06:30]} e6 {[%emt 0:11:30]} 12. Qa3 {[%emt 0:04:30]} Re8 {[%emt 0:06:30]} 13. Bd2 {[%emt 0:07:30]} Bf8 {[%emt 0:05:30]} 14. Qb3 {[%emt 0:01:30]} b5 {[%emt 0:01:30]} 15. Qc2 {[%emt 0:06:30]} b4 {[%emt 0:05:30]} 16. cxb4 {[%emt 0:03:30]} Qb6 {[%emt 0:03:30]} 17. Bc3 {[%emt 0:02:30]} ({White should try} 17. b5 $14 Nxd4 18. Nxd4 Qxd4+ 19. Kh1) 17... Nxb4 {[%emt 0:01:30]} 18. Bxb4 {[%emt 0:03:30]} Qxb4 {[%emt 0:00:00]} 19. Rab1 {[%emt 0:05:30]} Bd7 {[%emt 0:03:00]} 20. Qd2 {[%emt 0:08:30]} (20. h4 $11 {remains equal.}) 20... Qb6 {[%emt 0:00:30]} ({Black should try} 20... Qxd2 $17 21. Nxd2 dxe5 22. fxe5 Bh6) 21. Rfc1 {[%emt 0:00:30]} Bh6 {[%emt 0:05:30]} 22. Qe3 {[%emt 0:06:30]} Rec8 {[%emt 0:05:30]} 23. Rd1 {[%emt 0:04:30]} Ba4 {[%emt 0:05:30]} 24. b3 {[%emt 0:01:30]} Be8 {[%emt 0:00:00]} 25. Rdc1 {[%emt 0:01:23]} dxe5 {[%emt 0:04:00]} 26. Nxe5 {[%emt 0:04:35]} f6 {[%emt 0:02:53]} 27. Ng4 {[%emt 0:01:33]} Bg7 {[%emt 0:00:11]} 28. Re1 {[%emt 0:02:50]} h5 {[%emt 0:02:22]} 29. Nf2 {[%emt 0:00:38]} Bf7 {[%emt 0:01:44]} 30. Rbd1 {[%emt 0:00:18]} Rc3 {[%emt 0:01:11]} 31. Qd2 {[%emt 0:01:18]} Qxd4 {[%emt 0:01:15]} 32. Bxg6 {[%emt 0:00:59]} Qxd2 {[%emt 0:01:21]} 33. Bxf7+ {[%emt 0:00:10]} Kxf7 {[%emt 0:00:09]} 34. Rxd2 {[%emt 0:00:05]} Bh6 {[%emt 0:00:36]} 35. Rd4 {[%emt 0:00:54]} Rbc8 {[%emt 0:05:25]} 36. Kf1 {[%emt 0:02:14]} Rc2 {[%emt 0:01:21]} 37. Ra4 {[%emt 0:01:34]} R8c7 {[%emt 0:00:31]} 38. Re2 {[%emt 0:01:14]} Rc1+ {[%emt 0:03:34]} 39. Re1 {[%emt 0:00:02]} Kg6 {[%emt 0:00:19]} 40. g3 {[%emt 0:00:00]} Kf5 {[%emt 0:03:38]} (40... Rxe1+ $15 41. Kxe1 Bf8) 41. h3 {[%emt 0:05:43]} Bf8 {[%emt 0:06:30]} 42. g4+ {[%emt 0:00:30]} hxg4 {[%emt 0:00:30]} 43. hxg4+ {[%emt 0:00:30]} Kg6 {[%emt 0:00:00]} 44. Ra6 {[%emt 0:02:30]} Bb4 {[%emt 0:07:02]} 45. Rxc1 {[%emt 0:05:30]} Rxc1+ {[%emt 0:00:28]} 46. Ke2 {[%emt 0:02:30]} Rc2+ {[%emt 0:00:42]} 47. Kf3 {[%emt 0:00:30]} Rc3+ {[%emt 0:01:18]} 48. Ke2 {[%emt 0:00:30]} Rc2+ {[%emt 0:03:23]} 49. Kf3 {[%emt 0:00:30]} Bc5 {[%emt 0:06:20]} 50. Nd3 $1 {[%emt 0:04:53]} Bb6 {[%emt 0:00:10]} 51. Ra4 {[%emt 0:01:19]} Rd2 {[%emt 0:00:33]} 52. Nb4 {[%emt 0:01:19]} e5 {[%emt 0:00:24]} 53. fxe5 {[%emt 0:03:24]} fxe5 {[%emt 0:00:12]} 54. Nc6 {[%emt 0:01:25]} e4+ {[%emt 0:00:52]} 55. Kf4 {[%emt 0:02:17]} Rf2+ {[%emt 0:02:39]} 56. Ke5 {[%emt 0:00:56]} e3 {[%emt 0:02:37]} 57. Ne7+ {[%emt 0:00:25]} Kg5 {[%emt 0:00:26]} 58. Nxd5 {[%emt 0:00:10]} Rg2 $2 {[%emt 0:02:19]} (58... Rf8 $17 59. Nb4 Re8+ 60. Kd6 Rd8+ 61. Ke7 Rd4) 59. Re4 {[%emt 0:00:48]} Rxa2 $16 {[%emt 0:01:16]} ({Black should try} 59... e2 $14 60. Nc3 e1=R 61. Rxe1 Ba5 62. Ne4+ Kxg4) 60. Nxb6 {[%emt 0:00:25]} axb6 {[%emt 0:00:22]} 61. Rxe3 {[%emt 0:00:12]} Kxg4 {[%emt 0:00:19]} 62. Kd4 {[%emt 0:00:38]} Kf5 {[%emt 0:00:59]} 63. Kc4 {[%emt 0:00:15]} Rd2 {[%emt 0:00:55]} 64. Kb5 {[%emt 0:00:41]} Rd6 {[%emt 0:00:10]} 65. b4 {[%emt 0:00:24]} Rd4 {[%emt 0:01:24]} 66. Re8 {[%emt 0:00:20]} Kf6 {[%emt 0:00:12]} 67. Rb8 {[%emt 0:00:30]} Ke7 {[%emt 0:00:08]} 68. Rxb6 {[%emt 0:00:30]} Kd7 {[%emt 0:00:12]} 69. Rh6 {[%emt 0:02:15]} Kc7 {[%emt 0:00:21]} 70. Kc5 {[%emt 0:00:09]} Rd7 {[%emt 0:00:39]} 71. Kb5 {[%emt 0:03:03]} Kb7 {[%emt 0:00:24]} 72. Ka5 {[%emt 0:00:43]} Rf7 {[%emt 0:01:05]} 73. Rb6+ {[%emt 0:00:28]} Ka7 {[%emt 0:00:13]} 74. Rb5 {[%emt 0:00:34]} Rf1 {[%emt 0:00:28]} 75. Re5 {[%emt 0:00:11]} Rf7 {[%emt 0:00:09]} 76. Kb5 {[%emt 0:00:58]} Kb7 {[%emt 0:00:09]} 77. Kc5 {[%emt 0:01:09]} Rc7+ {[%emt 0:00:08]} 78. Kb5 {[%emt 0:00:35]} Rf7 {[%emt 0:00:07]} 79. Ka5 {[%emt 0:00:18]} Ka7 {[%emt 0:00:58]} 80. b5 {[%emt 0:00:01]} Kb7 {[%emt 0:00:00]} 81. Kb4 {[%emt 0:00:59]} Rg7 {[%emt 0:00:00]} 82. Re6 {[%emt 0:00:11]} Rg4+ {[%emt 0:00:39]} 83. Ka5 {[%emt 0:00:05]} Rg7 {[%emt 0:00:08]} 84. Re5 {[%emt 0:00:13]} Rf7 {[%emt 0:00:07]} 85. Kb4 {[%emt 0:00:24]} Rg7 {[%emt 0:00:08]} 86. Kc5 {[%emt 0:00:06]} Rc7+ {[%emt 0:00:06]} 1/2-1/2

[Event "CRO Team Cup 2018"]
[Site "Mali Losinj"]
[Date "2018.05.18"]
[Round "1.17"]
[White "Zelic, Zdravko"]
[Black "Sprenger, Jan Michael"]
[Result "1/2-1/2"]
[WhiteElo "2343"]
[BlackElo "2496"]
[Annotator "TA"]
[PlyCount "81"]
[EventDate "2018.??.??"]
[EventType "team-tourn"]
[EventCountry "CRO"]
[SourceTitle "playchess.com"]
[Source "ChessBase"]
[SourceQuality "1"]

{[%evp 19,81,6,16,-10,0,-1,-17,-29,-29,-43,-47,-41,-36,-39,0,-14,0,0,0,-50,-34,-34,-34,-98,-93,-97,-47,-83,-70,-56,-66,-56,-66,-50,0,-36,0,0,0,0,0,-12,0,0,0,-29,0,0,0,0,0,0,0,0,0,0,0,0,0,0,0,0,0,0]} 1. e4 c5 2. Nf3 e6 3. d4 cxd4 4. Nxd4 a6 5. Nc3 Qc7 6. g3 Bb4 7. Bd2 Nf6 8. Bg2 Nc6 9. Nxc6 dxc6 10. O-O Be7 {LiveBook: 22 Games. B43: Sicilian: Kan Variation: 5 Nc3} 11. Kh1 e5 12. f4 O-O $146 ({Predecessor:} 12... Bd6 13. f5 b5 14. g4 h6 15. Bf3 Bb7 16. Qe2 Rd8 17. Kg2 Be7 18. h4 {½-½ (42) Popovic,P (2540)-Dizdarevic,E (2425) Sarajevo 1985}) 13. f5 Rd8 14. Qe1 b5 15. Nd1 {Threatening Ba5.} a5 16. Nf2 b4 17. g4 Ba6 18. Rg1 $1 Bc5 {[#] And now ...Qa7 would win.} 19. Be3 Qa7 20. Bxc5 Qxc5 21. c3 ({White should try} 21. Rc1 $15) 21... bxc3 $17 22. bxc3 Rab8 23. Bf3 Rb2 24. Nd1 Rc2 {White must now prevent ...Rdd2.} 25. Rg2 Rxg2 26. Kxg2 g5 27. Nf2 Ne8 28. h4 h6 29. hxg5 hxg5 30. Rd1 Rd6 31. Rxd6 Nxd6 32. Bd1 Bc4 33. Qd2 {The position is equal.} f6 34. Bb3 Nf7 35. Kf3 Qb5 36. Qd1 a4 37. Bxa4 Qb2 $1 38. Bxc6 Qxc3+ 39. Kg2 Bxa2 40. Bd5 Bxd5 41. Qxd5 {Precision: White = 54%, Black = 66%.} 1/2-1/2

[Event "CRO Team Cup 2018"]
[Site "Mali Losinj"]
[Date "2018.05.18"]
[Round "1.18"]
[White "Muha, Miljenko"]
[Black "Zelic, Branko"]
[Result "0-1"]
[WhiteElo "2384"]
[BlackElo "2242"]
[Annotator "NA"]
[PlyCount "80"]
[EventDate "2018.??.??"]
[EventType "team-tourn"]
[EventCountry "CRO"]
[SourceTitle "playchess.com"]
[Source "ChessBase"]
[SourceQuality "1"]
[TimeControl "40/5400+30:1800+30"]

1. c4 {[%emt 0:00:30]} c6 {[%emt 0:01:00]} 2. d4 {[%emt 0:00:00]} d5 {[%emt 0:00:30]} 3. e3 {[%emt 0:01:00]} Nf6 {[%emt 0:00:30]} 4. Qc2 {[%emt 0:01:30]} e6 {[%emt 0:06:30]} 5. Nf3 {[%emt 0:02:30]} Ne4 {[%emt 0:01:30] D30: Queen's Gambit Declined: Systems without Nc3} 6. Bd3 {[%emt 0:04:30]} f5 {[%emt 0:00:30]} 7. O-O {[%emt 0:01:30]} Bd6 {[%emt 0:01:30]} 8. b3 {[%emt 0:01:30]} (8. Ne5 O-O 9. f3 Nc5 10. Be2 Ncd7 11. f4 Nf6 12. Nd2 Nbd7 13. Rb1 Ne4 14. b4 Nxe5 15. fxe5 {1-0 (35) Harikrishna,P (2737)-Richter,M (2517) Berlin 2015}) 8... Qe7 {[%emt 0:04:30]} 9. Ne5 {[%emt 0:10:30]} Nd7 {[%emt 0:02:30]} 10. Bb2 {[%emt 0:03:30]} O-O {[%emt 0:09:30]} 11. f3 {[%emt 0:09:30]} Ng5 {[%emt 0:02:30]} 12. a4 $146 {[%emt 0:23:30]} ({Predecessor:} 12. Nd2 Nxe5 13. dxe5 {0-1 (56) Stohl,I (2543)-Michalik,P (2439) Prievidza 2009}) 12... Rf6 {[%emt 0:02:30]} 13. Ba3 {[%emt 0:07:30]} Rh6 {[%emt 0:03:30]} 14. Bxd6 {[%emt 0:09:32]} Qxd6 {[%emt 0:00:30]} 15. f4 {[%emt 0:00:52]} Ne4 {[%emt 0:01:30]} 16. Bxe4 {[%emt 0:08:13]} fxe4 {[%emt 0:00:30]} 17. c5 {[%emt 0:01:41]} Qe7 {[%emt 0:00:30]} 18. b4 {[%emt 0:00:54]} Nxe5 {[%emt 0:00:30]} 19. fxe5 {[%emt 0:01:42]} Bd7 {[%emt 0:01:30]} 20. Nc3 {[%emt 0:01:19]} Qh4 {[%emt 0:02:30]} 21. h3 {[%emt 0:01:34]} Qe7 {[%emt 0:11:30]} 22. b5 {[%emt 0:02:39]} Rh5 {[%emt 0:05:30]} 23. bxc6 {[%emt 0:01:18]} Bxc6 {[%emt 0:00:00]} 24. Nb5 {[%emt 0:00:50]} Rf5 {[%emt 0:02:00]} 25. Nd6 {[%emt 0:00:40]} Rxf1+ {[%emt 0:00:30]} 26. Rxf1 {[%emt 0:00:29]} Rf8 {[%emt 0:00:00]} 27. Rb1 {[%emt 0:01:48]} (27. Rxf8+ $16 Qxf8 28. a5) 27... Qg5 {[%emt 0:02:00]} 28. Qd2 $14 {[%emt 0:00:39]} h5 {[%emt 0:01:30]} 29. a5 {[%emt 0:00:31]} Rf3 {[%emt 0:03:30]} 30. a6 {[%emt 0:02:09]} bxa6 {[%emt 0:00:30]} 31. Rb8+ {[%emt 0:00:11]} Kh7 {[%emt 0:00:30]} 32. Kh1 {[%emt 0:00:51]} Rf1+ {[%emt 0:01:30]} 33. Kh2 {[%emt 0:00:07]} h4 {[%emt 0:00:30]} 34. g4 {[%emt 0:00:58]} hxg3+ {[%emt 0:00:30]} 35. Kg2 {[%emt 0:00:01]} Rf2+ {[%emt 0:00:30]} 36. Qxf2 {[%emt 0:00:04]} gxf2+ {[%emt 0:00:00]} 37. Kxf2 {[%emt 0:00:03]} Qh4+ {[%emt 0:00:00]} 38. Kg2 {[%emt 0:00:07]} Qe1 {[%emt 0:00:30]} 39. Rc8 {[%emt 0:00:39]} Ba4 {[%emt 0:00:30]} 40. c6 {[%emt 0:00:00]} Bd1 {[%emt 0:00:30]} 0-1

[Event "CRO Team Cup 2018"]
[Site "Mali Losinj"]
[Date "2018.05.18"]
[Round "1.19"]
[White "Kurecic, Mladen"]
[Black "Rade, Miroslav"]
[Result "1/2-1/2"]
[WhiteElo "2042"]
[BlackElo "2411"]
[Annotator "TA"]
[PlyCount "78"]
[EventDate "2018.??.??"]
[EventType "team-tourn"]
[EventCountry "CRO"]
[SourceTitle "playchess.com"]
[Source "ChessBase"]
[SourceQuality "1"]

{[%evp 21,78,-4,-2,-39,-32,-42,-30,-41,-41,-37,-39,-39,-23,-104,-33,-31,-33,-73,-54,-40,-50,-75,-60,-49,-62,-222,-222,-201,-210,-212,-218,-213,-189,-195,-205,-223,-227,-234,-228,-217,-161,-146,-60,-78,-29,-56,-24,-45,0,0,0,0,0,-38,0,0,0,0,0]} 1. d4 Nf6 2. Nf3 g6 3. c4 Bg7 4. Nc3 d5 5. cxd5 Nxd5 6. Bd2 O-O 7. e4 Nb6 8. Be3 Bg4 9. Be2 Nc6 10. d5 Bxf3 11. Bxf3 Ne5 {LiveBook: 43 Games} 12. Bxb6 {D90: Grünfeld: 4 Nf3 Bg7 sidelines} (12. Be2 c6 13. O-O Nec4 14. Bxb6 Nxb6 15. dxc6 bxc6 {½-½ (16) Dorfman,J (2596)-Vallejo Pons,F (2678) Mallorca 2004}) 12... axb6 13. O-O $146 ({Predecessor:} 13. Be2 Qd6 14. O-O Ra5 15. Rc1 Qb4 16. Qc2 Rc8 17. a3 Qd6 18. f4 Nd7 19. Nb5 Qc5+ 20. Qxc5 bxc5 {½-½ (30) Schweitzer,M-Tahiri,D Mannheim 1994}) 13... c6 14. Be2 {Black has an edge.} b5 15. Qb3 Qa5 16. a3 Rfd8 17. f4 {[#]} (17. Rfd1 $11 {keeps the balance.}) 17... Nd7 (17... Nc4 $1 $17 {[%cal Rc4d2][%mdl 512] ...Nd2 is the strong threat.} 18. Bxc4 bxc4 19. Qxb7 Bxc3 20. bxc3 cxd5 21. exd5 Qxc3) 18. e5 $15 Nc5 19. Qc2 Qb6 $36 {[%mdl 2048] Black is pushing.} 20. Kh1 cxd5 {White must now prevent ...d4.} 21. b4 Ne6 22. Qd3 Qd4 23. Nxb5 $2 (23. g3 $15) 23... Qxd3 $19 24. Bxd3 {[#]} Nxf4 $1 {[%mdl 512]} 25. Rxf4 {And now Re1 would win.} Bxe5 26. Rff1 Bxa1 27. Rxa1 e5 {[%cal Be7e5,Be5e4][%mdl 32]} 28. Kg1 e4 29. Bc2 Rac8 30. Bb3 Kg7 31. Rd1 {[#]} Kf6 ({Black should try} 31... d4 $1 $17 {[%mdl 512] Strongly threatening ...d3.} 32. Nxd4 Rc3 33. Ne6+ fxe6 34. Rxd8 Rxb3 35. Rd7+ Kf6 36. Rxh7 e3) 32. Rxd5 $15 Rxd5 33. Bxd5 Ke5 34. Bxb7 Rb8 35. Bc6 Rb6 36. Be8 Rb8 37. Bd7 Rb7 {[%mdl 1024] Black has compensation.} (37... Rd8 $5 {[%cal Rd8d7]} 38. Bc6 Rd1+ 39. Kf2 Rd2+ 40. Kf1 Rb2 $11) 38. Bc6 Rb6 39. Be8 Rb8 {Precision: White = 49%, Black = 58%.} 1/2-1/2

[Event "CRO Team Cup 2018"]
[Site "Mali Losinj"]
[Date "2018.05.18"]
[Round "1.20"]
[White "Doric, Darko"]
[Black "Tretinjak, Dario"]
[Result "1-0"]
[WhiteElo "2463"]
[BlackElo "1886"]
[Annotator "TA"]
[PlyCount "71"]
[EventDate "2018.??.??"]
[EventType "team-tourn"]
[EventCountry "CRO"]
[SourceTitle "playchess.com"]
[Source "ChessBase"]
[SourceQuality "1"]

{[%evp 11,71,0,0,0,0,-18,13,-3,-8,-8,6,-18,0,-16,67,74,117,95,119,113,107,106,170,135,182,163,294,272,614,591,698,679,29992,899,29992,561,507,395,627,614,616,598,588,591,620,617,627,611,598,485,477,477,468,384,387,338,455,416,341,351,522,558]} 1. d4 Nf6 2. Bg5 e6 3. Nd2 d5 4. e3 Be7 5. Bd3 b6 6. c3 {D00: 1 d4 d5: Unusual lines} Bb7 {LiveBook: 8 Games} 7. Bxf6 Bxf6 8. f4 {The position is equal.} Nd7 9. Ngf3 c5 10. O-O g6 11. g4 $146 {[%cal Bg2g4,Bg4g5][%mdl 32]} ({Predecessor:} 11. Ne5 O-O 12. Qa4 Nxe5 13. fxe5 Bg7 {½-½ (32) Cordes,H (2244)-Andersson,U (2521) Bad Wiessee 2016}) 11... Qe7 12. Qe2 cxd4 (12... Bg7 $11) 13. exd4 $14 O-O 14. Rae1 {[%cal Ba1e1,Be1e3,Be3h3,Bh3h6][%mdl 32]} Qd6 15. g5 Bg7 16. Ne5 Nb8 (16... Rae8 $16 {is a better defense.}) 17. Qg4 Nc6 18. Re3 Rfe8 (18... Ne7 {was necessary.} 19. Qh4 Nf5 20. Bxf5 exf5) 19. Rh3 Bxe5 $2 {[#]} (19... Qe7 20. Qh4 h5 21. Nxg6 (21. gxh6 Qxh4 22. Rxh4 Bf6 $16) 21... fxg6) 20. fxe5 $18 ({Weaker is} 20. dxe5 Qf8 $16) 20... Qf8 21. Rh6 Kg7 22. Rf3 (22. Qh3 $142 Kg8 23. Rxh7 f5 24. exf6 Ne5 25. Rh8+ Kf7 26. Qh7+ Qg7 27. Qxg7#) 22... Qe7 {[#]} 23. Rfh3 (23. Rxh7+ $142 $3 {[%mdl 512]} Kxh7 24. Qh4+ Kg7 25. Qh6+ Kg8 26. Rh3 Qxg5+ 27. Qxg5 Nxe5 28. dxe5 Rf8 29. Qf6 Rfe8 30. Rh8#) 23... Rh8 24. Qh4 {[%cal Rh6h7]} Kf8 (24... Rag8 $142 25. Bxg6 (25. Rxh7+ Rxh7 26. Qxh7+ Kf8 $18) 25... Kf8) 25. Nf3 Ke8 26. Qf4 Kd7 27. Rxh7 Rxh7 28. Rxh7 Rf8 29. Qf6 Qxf6 30. gxf6 Kc8 31. Ng5 Nd8 32. Kf2 Bc6 33. h4 Bd7 34. Ke3 Be8 35. b3 Rg8 (35... b5 $142 36. Be2 Kc7) 36. c4 {Precision: White = 62%, Black = 27%.} 1-0

[Event "CRO Team Cup 2018"]
[Site "Mali Losinj"]
[Date "2018.05.18"]
[Round "1.21"]
[White "Lalic, Bogdan"]
[Black "Rosic, Slavko S"]
[Result "1/2-1/2"]
[WhiteElo "2396"]
[BlackElo "2224"]
[Annotator "NA"]
[PlyCount "48"]
[EventDate "2018.??.??"]
[EventType "team-tourn"]
[EventCountry "CRO"]
[SourceTitle "playchess.com"]
[Source "ChessBase"]
[SourceQuality "1"]
[TimeControl "40/5400+30:1800+30"]

1. c4 {[%emt 0:00:30]} Nf6 {[%emt 0:01:00]} 2. Nc3 {[%emt 0:00:00]} e6 {[%emt 0:00:30]} 3. e4 {[%emt 0:00:00]} c5 {[%emt 0:01:30]} 4. e5 {[%emt 0:00:30]} Ng8 {[%emt 0:00:00]} 5. d4 {[%emt 0:00:00]} cxd4 {[%emt 0:00:00]} 6. Qxd4 {[%emt 0:00:00]} Nc6 {[%emt 0:00:30]} 7. Qe4 {[%emt 0:00:00]} d6 {[%emt 0:00:30]} 8. Nf3 {[%emt 0:00:00]} dxe5 {[%emt 0:01:30]} 9. Nxe5 {[%emt 0:00:30]} Nxe5 {[%emt 0:02:30] A19: English Opening: Flohr-Mikenas System with 3...c5} (9... Bd7 10. Nxd7 Qxd7 11. Bf4 Nf6 12. Qe3 Bd6 13. O-O-O Bxf4 14. Qxf4 Qe7 15. Be2 O-O 16. Qd6 Qxd6 17. Rxd6 Rfd8 18. Rxd8+ Rxd8 {1-0 (49) Grandelius,N (2646)-Svane,R (2587) Batumi 2018}) 10. Qxe5 {[%emt 0:00:30]} Qd6 {[%emt 0:00:30]} 11. Bf4 {[%emt 0:03:30]} Qxe5+ {[%emt 0:01:30]} 12. Bxe5 {[%emt 0:00:30]} f6 {[%emt 0:01:30]} 13. Bg3 $146 {[%emt 0:00:00]} ({Predecessor:} 13. Bd4 Bb4 14. a3 Bxc3+ 15. Bxc3 Bd7 16. Be2 Ne7 17. Bh5+ Ng6 18. Bb4 O-O-O 19. Bxg6 hxg6 20. O-O Ba4 21. Rfe1 e5 {½-½ (55) Peters,O (2145)-Duester,F (1791) Leverkusen 2004}) 13... Bd7 {[%emt 0:01:30]} 14. O-O-O {[%emt 0:01:00]} Bc6 {[%emt 0:01:30]} 15. Nb5 {[%emt 0:00:30]} Kf7 {[%emt 0:04:30]} 16. f3 {[%emt 0:01:30]} Bc5 {[%emt 0:02:30]} 17. Bd3 {[%emt 0:07:30]} e5 {[%emt 0:10:30]} 18. Rhe1 {[%emt 0:20:30]} Ne7 {[%emt 0:02:30]} 19. f4 {[%emt 0:00:00]} a6 {[%emt 0:09:30]} 20. Nc7 {[%emt 0:03:00]} exf4 {[%emt 0:02:30]} 21. Bxf4 {[%emt 0:00:30]} Rac8 {[%emt 0:00:30]} 22. Ne6 {[%emt 0:00:30]} Bb4 $11 {[%emt 0:01:30]} 23. Bd2 {[%emt 0:05:30]} Bd5 {[%emt 0:01:30]} 24. Nxg7 {[%emt 0:00:30]} Bxc4 {[%emt 0:00:30]} 1/2-1/2

[Event "CRO Team Cup 2018"]
[Site "Mali Losinj"]
[Date "2018.05.18"]
[Round "1.22"]
[White "Ljikar, Zoran"]
[Black "Plenkovic, Zdenko"]
[Result "0-1"]
[WhiteElo "2193"]
[BlackElo "2403"]
[Annotator "NA"]
[PlyCount "40"]
[EventDate "2018.??.??"]
[EventType "team-tourn"]
[EventCountry "CRO"]
[SourceTitle "playchess.com"]
[Source "ChessBase"]
[SourceQuality "1"]
[TimeControl "40/5400+30:1800+30"]

1. d4 {[%emt 0:00:30]} Nf6 {[%emt 0:02:00]} 2. Nc3 {[%emt 0:00:00]} d5 {[%emt 0:00:30]} 3. Bg5 {[%emt 0:00:00]} c6 {[%emt 0:02:30]} 4. f3 {[%emt 0:01:30]} Nbd7 {[%emt 0:02:30]} 5. e4 {[%emt 0:00:30]} dxe4 {[%emt 0:03:30]} 6. fxe4 {[%emt 0:00:00]} e5 {[%emt 0:05:30]} 7. dxe5 {[%emt 0:06:00]} Qa5 {[%emt 0:02:30]} 8. Nf3 {[%emt 0:08:30]} Nxe4 {[%emt 0:05:30] D01: Veresov Opening} 9. Be3 $146 {[%emt 0:07:30]} ({Predecessor:} 9. Bd2 $17 Nxd2 (9... Nxc3 10. Bxc3 Bb4 11. Qd2 Bxc3 12. Qxc3 Qxc3+ 13. bxc3 O-O 14. O-O-O Nc5 15. Bd3 Be6 16. a3 {½-½ (37) Guddat,J (2153)-Waldschmidt,G (2215) Germany 2010}) 10. Qxd2) 9... Nxc3 {[%emt 0:05:30]} 10. bxc3 {[%emt 0:03:30]} Nxe5 {[%emt 0:10:30]} 11. Bd4 {[%emt 0:00:30]} Nxf3+ {[%emt 0:00:30]} 12. Qxf3 {[%emt 0:00:00]} Be6 {[%emt 0:00:30]} 13. Qg3 $2 {[%emt 0:01:00] [#]} (13. Be2 $17 {might work better.}) 13... O-O-O $1 {[%emt 0:02:30]} 14. Kf2 $2 {[%emt 0:09:30]} (14. Rd1 Bc5 15. Bxc5 Qxc5 16. Bd3) 14... Rxd4 {[%emt 0:04:30]} 15. cxd4 {[%emt 0:00:00]} Qd2+ {[%emt 0:00:30]} 16. Be2 {[%emt 0:00:00]} Qxd4+ {[%emt 0:00:00]} 17. Qe3 {[%emt 0:00:30]} Bc5 $2 {[%emt 0:00:00]} (17... Qf6+ 18. Bf3 b6) 18. Qxd4 {[%emt 0:00:30]} Bxd4+ {[%emt 0:00:30]} 19. Kg3 {[%emt 0:00:30]} Bxa1 {[%emt 0:00:00]} 20. Rxa1 $19 {[%emt 0:00:30]} Kc7 {[%emt 0:00:00]} 0-1

[Event "CRO Team Cup 2018"]
[Site "Mali Losinj"]
[Date "2018.05.18"]
[Round "1.23"]
[White "Loncar, Robert"]
[Black "Lesic, Krunoslav"]
[Result "1-0"]
[WhiteElo "2412"]
[BlackElo "2068"]
[Annotator "TA"]
[PlyCount "59"]
[EventDate "2018.??.??"]
[EventType "team-tourn"]
[EventCountry "CRO"]
[SourceTitle "playchess.com"]
[Source "ChessBase"]
[SourceQuality "1"]

{[%evp 15,59,24,119,121,119,119,122,129,135,135,122,124,120,126,129,122,211,175,178,163,169,128,128,118,131,130,159,152,155,125,146,133,190,144,233,237,226,228,243,237,264,283,511,511,931,963]} 1. d4 e6 2. Nf3 Nf6 3. c4 d5 4. Nc3 b6 5. cxd5 exd5 6. Bg5 Bb7 7. e3 Be7 8. Bb5+ Nbd7 {[#]} (8... c6 $11 9. Bd3 O-O) 9. Ne5 $1 $16 {Threatens to win with Bxf6. D53: Queen's Gambit Declined: 4 Bg5 Be7: Early deviations} O-O {With the idea ...Nxe5.} 10. Bc6 (10. Nc6 Qe8 11. Qf3 h6 12. Bxf6 Nxf6 13. Nxd5 Nxd5 14. Qxd5 Bh4 15. g3 a6 16. Ba4 Bg5 {0-1 (57) Potapov,A (2461)-Pribyl,J (2372) Pardubice 2009}) 10... Bxc6 11. Nxc6 {White is better.} Qe8 12. Nxe7+ Qxe7 {[#]} 13. Nxd5 $1 {[%mdl 512]} Qd6 (13... Nxd5 14. Bxe7) 14. Nxf6+ Nxf6 15. O-O Ne8 $146 (15... Nd5 $16) ({Predecessor:} 15... Ne4 16. Bf4 {1-0 (63) Rodriguez,D (2218)-Pompa Hernandez,H (2205) Las Tunas 2010}) 16. Qf3 c6 17. Rfc1 Rc8 18. Qf5 Nc7 19. a3 $36 {[%mdl 2048] White is really pushing.} Ne6 20. Bh4 a5 21. Rc2 Rfe8 22. Bg3 Qd7 23. h3 Red8 (23... a4 $16 {might work better.} 24. Rd1 Red8) 24. Rac1 h6 (24... a4 $16 {was necessary.} 25. Bh4 f6) 25. b4 $18 axb4 26. axb4 Qb7 27. Kh2 Rd7 28. Qf3 Rd5 $2 {[#]} (28... Ng5 29. Qf5 g6) 29. Rxc6 $1 {[%mdl 512]} Rcd8 {[#]} (29... Rxc6 $142 30. Qxd5 Rc7) (29... Qxc6 30. Rxc6) 30. Rc7 $1 {Precision: White = 79%, Black = 30%.} 1-0